Statistics for Bordering Countries with Similar Area

Click here to take the quiz!

General Stats

  • This quiz has been taken 36 times
  • The average score is 27 of 38

Answer Stats

Answer% Correct
Chad
96%
Niger
96%
Mali
96%
Canada
85%
Sudan
85%
Central African Republic
85%
United States
85%
Serbia
85%
Kenya
81%
Morocco
81%
South Sudan
81%
Spain
81%
Colombia
81%
Hungary
81%
Libya
77%
Austria
77%
Peru
77%
Somalia
77%
Zambia
77%
Bosnia and Herzegovina
73%
Croatia
73%
Czechia
73%
Germany
69%
Poland
69%
Mozambique
69%
Guatemala
65%
Honduras
65%
Namibia
62%
Rwanda
58%
Burundi
58%
Norway
58%
Finland
58%
Uzbekistan
54%
Turkmenistan
54%
Latvia
50%
Lithuania
50%
Albania
46%
North Macedonia
42%

Score Distribution

Percentile by Number Answered

Percent of People with Each Score

Your Score History

You have not taken this quiz